000 00322nam a2200109Ia 4500
008 200302s9999 xx 000 0 und d
100 _aFrancisco Asensio Cerver
245 _aWorld of Environmental Design Landscape of Recreation II (Amusement Parks)
260 _bPaco Asensio Publisher
260 _c1995
300 _a255 P.,
999 _c1944
_d1944